| 000 | 00815nas a2200277 4500 | ||
|---|---|---|---|
| 001 | BR2010004201 | ||
| 003 | BR-BrBNA | ||
| 005 | 20231205114706.0 | ||
| 007 | ta | ||
| 008 | 230509b bl.|||p| |||| 00| 00por d | ||
| 040 |
_aBR-BrBNA _bpor _cBiblioteca Nacional de Agricultura |
||
| 041 | _a(Pt) | ||
| 072 | _aQ03 | ||
| 100 | 1 | _aOliveira, F.R. de | |
| 100 | 1 | _aLira, G.M. | |
| 245 | 1 | _aÓxidos de colesterol em pescado | |
| 650 | _aPEIXE | ||
| 650 | _aPROCESSAMENTO | ||
| 650 | _aDETERIORAÇÃO | ||
| 650 | _aOXIDAÇÃO | ||
| 650 | _aCOLESTEROL | ||
| 650 | _aHIGIENE DE ALIMENTO | ||
| 773 | 0 |
_tBoletim do Centro de Pesquisa e Processamento de Alimentos (Brazil) _xISSN 0102-0323 _g(Jan-Jun 2009), v. 27(1) p. 143-152 _wBR2010004201 |
|
| 909 |
_a202311 _bLúcia _c55 _dLúcia Elande |
||
| 942 |
_2AGRIS _n0 _cANA |
||
| 999 |
_c209985 _d209985 |
||